01101nam a2200265uu 4500001000800000005001700008008004100025035001200066040001300078041000800091080000700099100004600106245012400152260003500276300001700311505028400328650002700612650003000639650003200669650003200701700004000733700004200773502001200815526000800827148931720260508092409.0180321s2011 ||||||m| spa  a1489317 ccomduadb aspa aWE10aHoyos Montes, Esneider Andrés4auteaut10aImportancia de la lectura de imágenes diagnósticas por los instrumentadores quirúrgicos en cirugía de ortopedia aMedellín :bAutor(a),c2011. a91 páginas aCONTENIDO: Introducción. -- Glosario y siglas. -- Planteamiento del problema y justificación. -- Pregunta de investigación. -- Objetivos. -- Marco teórico: Historia de la radiología. Anatomía. Imágenes diagnósticas. -- Metodología. -- Bibliografía. -- Anexos. aCirugía ortopédica aImágenes diagnósticas aInstrumentador quirúrgico aDiagnóstico radiológico10aCardona Solis, Luz Marina4thseths10aValencia, Andrés Mauricio4thseths b214c18 a216